Lịch sử Bộ đội biên phòng tỉnh Trà Vinh (1961-2015)

Guardat en:
Dades bibliogràfiques
Autor corporatiu: Đảng ủy - Bộ chỉ huy Bộ đội biên phòng tỉnh Trà Vinh
Altres autors: Phạm Văn Trên
Idioma:Undetermined
Publicat: Hà Nội Quân đội Nhân dân 2019
Matèries:
Etiquetes: Afegir etiqueta
Sense etiquetes, Sigues el primer a etiquetar aquest registre!
Thư viện lưu trữ: Trung tâm Học liệu Trường Đại học Trà Vinh
LEADER 00777nam a2200241Ia 4500
001 TVU_32072
008 210423s9999 xx 000 0 und d
020 |a 9786045148648 
041 |a Vie 
082 |a 355.3510959786 
082 |b L302 
245 0 |a Lịch sử Bộ đội biên phòng tỉnh Trà Vinh (1961-2015) 
245 0 |c Phạm Văn Trên (chủ biên) ... [và những người khác] 
260 |a Hà Nội 
260 |b Quân đội Nhân dân 
260 |c 2019 
300 |a 304 tr. 
300 |b hình màu 
300 |c 22 cm 
650 |a Bộ đội biên phòng; Quân đội 
700 |a Phạm Văn Trên  
710 |a Đảng ủy - Bộ chỉ huy Bộ đội biên phòng tỉnh Trà Vinh 
980 |a Trung tâm Học liệu Trường Đại học Trà Vinh